Statistics for UNESCO World Heritage Sites in Australia

Click here to take the quiz!

General Stats

  • This quiz has been taken 17 times
  • The average score is 5 of 19

Answer Stats

State or territoryAnswer% Correct
Northern TerritoryUluru-Kata Tjuta National Park
86%
New South WalesSydney Opera House
79%
QueenslandGreat Barrier Reef
64%
Northern TerritoryKakadu National Park
50%
New South WalesGreater Blue Mountains Area
36%
QueenslandWet Tropics of Queensland
29%
QueenslandFraser Island
21%
(External federal territory)Heard and McDonald Islands
21%
Western AustraliaShark Bay
21%
TasmaniaTasmanian Wilderness
21%
(Multiple states)Australian Convict Sites
14%
TasmaniaMacquarie Island
14%
VictoriaRoyal Exhibition Building and Carlton Gardens
14%
(Multiple states)Australian Fossil Mammal Sites
7%
(Multiple states)Gondwana Rainforests of Australia
7%
New South WalesLord Howe Island Group
7%
Western AustraliaPurnululu National Park
7%
New South WalesWillandra Lakes Region
7%
Western AustraliaNingaloo Coast
0%

Score Distribution

Percentile by Number Answered

Percent of People with Each Score

Your Score History

You have not taken this quiz